| 000 | 01730cam a2200421 i 4500 | ||
|---|---|---|---|
| 999 |
_c200446713 _d64925 |
||
| 001 | 200446713 | ||
| 003 | TR-AnTOB | ||
| 005 | 20230314103039.0 | ||
| 007 | ta | ||
| 008 | 000814s1999 dcuc i000 0 eng d | ||
| 020 | _a1557758492 | ||
| 035 | _a(CtY)notisFNE6468 | ||
| 035 | _a(OCoLC)43456451 | ||
| 035 | _a(CStRLIN)CSUBL13681-B | ||
| 035 | _a(TR-AnTOB)200446713 | ||
| 040 |
_aDJB _beng _erda _cDJB _dCSt-B _dTR-AnTOB |
||
| 041 | 0 | _aeng | |
| 050 | 4 |
_aHG4530 _b.E43 1999 |
|
| 090 |
_aHG4530 _b.E43 1999 |
||
| 100 | 1 |
_aEichengreen, Barry J. _eauthor _922500 |
|
| 245 | 1 | 0 |
_aHedge funds : _bwhat do we really know? / _cBarry Eichengreen, Donald Mathieson. |
| 264 | 1 |
_aWashington, D.C. : _bInternational Monetary Fund, _cc1999. |
|
| 300 |
_aiii, 22 pages : _bportraits ; _c23 cm |
||
| 336 |
_atext _btxt _2rdacontent |
||
| 337 |
_aunmediated _bn _2rdamedia |
||
| 338 |
_avolume _bnc _2rdacarrier |
||
| 490 | 0 |
_aEconomic issues, _x1020-5098 ; _v19 |
|
| 500 | _a"This Economic Issue draws on material originally contained in IMF occasional paper 166, Hedge Funds and Financial Market Dynamics ... and 'The Near Collapse and Rescue of Long-Term Capital Management' in Chapter 3 of World Economic Outlook and International Capital Markets: Interim Assessment, December 1998"--P. iii. | ||
| 500 | _a"September 1999"--T.p. verso. | ||
| 650 | 0 |
_aHedge funds _9135198 |
|
| 650 | 0 |
_aHedge funds _zAsia _9135199 |
|
| 700 | 1 |
_aMathieson, Donald J. _eauthor _918726 |
|
| 710 | 2 |
_aInternational Monetary Fund _979373 |
|
| 856 | 4 | 1 |
_3IMF eLibrary (Open Access) _zOnline access link to the resource _uhttps://www.imf.org/external/pubs/ft/issues/issues19/ |
| 942 |
_2lcc _cBK |
||